=LDR 00000nam 2200000 4500 =001 NUTBA000000000006178 =005 20141125072754.0 =006 =007 =008 =020 ##$$a 978-602-7733-26-8 =035 ##$$a 0010-111400000000657 =040 ##$$a NBPDMAT =082 ##$$a 612.63 =090 ##$$a 612.63 $b Yol p =100 ##$$a Yolanda Soewito =245 ##$$a Panduan lengkap perawatan klinis sehari-hari seputar kehamilan persalinan dan kesehatan bayi / $c Yolanda Soewito =260 ##$$a Yogyakarta : $b Araska, $c 2012 =300 ##$$a 148 hlm. : $b ilus. ; $c 20 cm. =650 ##$$a Hamil